000 01153nam a2200337 c 4500
001 57584
003 CO-BoRNBP
005 20250714114003.0
007 ta
008 141031s2014 ck a br 000 f spa d
020 _a9789583003561
040 _aCO-BoRNBP
_bspa
_erda
_cCO-BoRNBP
041 0 _aspa
043 _as-ck---
084 _aN
100 _aVélez, Rubén,
_d1956-
_eaut
_961078
245 1 0 _aHip, hipopótamo vagabundo /
_cRubén Vélez ; ilustrado por Henry González y Nancy Granada.
250 _aPrimera edición
264 1 _aBogotá, Colombia :
_bPanamericana Editorial,
_c2014
300 _a85 páginas :
_bilustraciones a color
336 _atexto
_btxt
_2rdacontent
337 _asin mediación
_bn
_2rdamedia
338 _avolumen
_bnc
_2rdacarrier
521 1 _aRecomendado para un público infantil mayor de 6 años
650 0 7 _aAnimales en la literatura
_2lemb
_9853
650 0 7 _aLiteratura infantil colombiana
_ysiglo xx
_2lemb
_9364
650 0 7 _aNovela infantil colombiana
_ysiglo xx
_2lemb
_9365
700 _aGonzález Torres, Henry Javier
_eill
_939042
700 _aGranada, Nancy
_eill
_961079
942 _2loc
_cBKLITI
999 _c57584
_d57584